Things That Are Grey Quiz Stats

Quiz Updated Jun 13, 2015

Challenge
Share
Tweet
Score 0/20 Timer 04:00
1 Play Today
% Correct
Elephant
99.6%
Nails
98.8%
Nickels
98.6%
Duct Tape
98.1%
Grey Wolf
97.6%
Rocks
97.6%
Handcuffs
97.4%
The Moon
97.3%
Suit of Armor
95.3%
Tom Cat
95.2%
% Correct
Cans
95.1%
Cement
94.4%
Wrench
94.3%
Lead
94.2%
Clay
90.5%
Aircraft Carrier
90.2%
Nintendo Game Boy
87.8%
Grotesque
86.5%
Gandalf the Grey
76.8%
Bender
61.5%

You're not logged in!

Compare scores with friends on all Sporcle quizzes.
Sign Up with Email
OR
Log In

You Might Also Like...

Show Comments

Extras

Top Quizzes Today


Score Distribution

Your Account Isn't Verified!

In order to create a playlist on Sporcle, you need to verify the email address you used during registration. Go to your Sporcle Settings to finish the process.

Report this User

Report this user for behavior that violates our Community Guidelines.

Details: